Les belgicismes - Statistiques

Statistiques générales
  • Ce quiz a été pris 39 fois
  • Le résultat moyen est 3 sur 10
Statistiques - réponses
Belgicisme "Traduction" % Correct
Souper Repas du soir
94%
Chicon Endive
77%
Dringuelle Pourboire
31%
Berdouille Boue
26%
Ducasse Fête foraine
26%
Drache Pluie abondante
26%
Venir avec Accompagner
17%
Cacaille Objet en toc
11%
Kermesse Grande fête
9%
Goulafre Gros mangeur
0%
Aucun quiz correspondant
Distribution des résultats
% des personnes avec chaque résultat
Percentile par nombre de réponses
Votre historique - résultats
Vous n’avez pas pris ce quiz